| 000 | 01873cam a22003373a 4500 | ||
|---|---|---|---|
| 001 | 2344 | ||
| 005 | 20240719154528.0 | ||
| 020 |
_a0786817968 (pbk.) : _c$4.99 |
||
| 020 | _a9780786817962 | ||
| 040 |
_aFTL _cFTL _dDLC _beng |
||
| 050 | 0 | 0 | _aCPB Box no. 2260 vol. 31 |
| 082 | _2303 | ||
| 100 | 1 | _aKomorn, Julie | |
| 245 | 1 | 4 |
_aThe light of meridian / _cadapted by Julie Komorn. |
| 260 |
_aNew York : _bDisney Enterprises, _c2004 |
||
| 300 |
_a144 pages P _billustrations _c19 cm |
||
| 490 | 0 |
_aW.i.t.c.h. ; _v7 |
|
| 500 | _a"Comic inserts inside!"--Cover. | ||
| 505 | _aR | ||
| 520 | _aWill, Irma, Taranee, Cornelia, and Hay Lin (W.i.t.c.h.) are five ordinary friends with an extraordinary secret: they each have the power to control a natural element-air, water, fire, earth, and finally, the mysterious "Heart of Candracar." The girls use their powers to guard against evil and to uncover the truth behind mysterious portals leading to other worlds. Between school, family, and a new interest in boys, these girls had enough to worry about! But now they have the secret to turn into a group of friends with special powers . . . destined to fight the evil Prince Phobos in the magic world of Metamoor. W.i.t.c.h. combines fashion and fantasy, magic and middle school, heroism and humor, friendship and family, teamwork and transformation, in a wholesome mix proven to charm the tween girl market. Introducing a hybrid format that combines four-color comics with a traditional chapter book format. | ||
| 521 |
_a800
_bLexile estimate |
||
| 521 |
_aR
_bRaz-Plus |
||
| 650 | 0 |
_aTeenagers _vFiction. |
|
| 650 | 0 |
_aMagic _vFiction. |
|
| 650 | 0 |
_aFriendship _xFiction. |
|
| 650 | 0 | _aGraphic novels. | |
| 655 | 7 |
_aChildren's stories. _2lcsh |
|
| 655 | 7 |
_aFantasy fiction. _2gsafd |
|
| 906 |
_a7 _bcbc _ccopycat _d2 _encip _f20 _gy-genrareb |
||
| 942 |
_2ddc _cBK _n0 |
||
| 999 |
_c2344 _d2344 |
||